|
|
|
|
| LEADER |
02617nam a2200625 4500 |
| 001 |
ocn899739128 |
| 003 |
OCoLC |
| 005 |
20170124071529.5 |
| 006 |
m o d |
| 007 |
cr cnu|||unuuu |
| 008 |
150109t20152015enka ob 001 0 eng d |
| 040 |
|
|
|a N$T
|b eng
|e rda
|e pn
|c N$T
|d EBLCP
|d DG1
|d WAU
|d CDX
|d OCLCF
|d N$T
|d E7B
|d YDXCP
|d DEBSZ
|d COO
|d OCLCQ
|d DEBBG
|d D6H
|d GrThAP
|
| 019 |
|
|
|a 903963190
|
| 020 |
|
|
|a 9781119073147
|q (electronic bk.)
|
| 020 |
|
|
|a 1119073146
|q (electronic bk.)
|
| 020 |
|
|
|a 9781119073086
|q (electronic bk.)
|
| 020 |
|
|
|a 1119073081
|q (electronic bk.)
|
| 020 |
|
|
|a 1848217609
|
| 020 |
|
|
|a 9781848217607
|
| 020 |
|
|
|z 9781848217607
|
| 029 |
1 |
|
|a AU@
|b 000054852771
|
| 029 |
1 |
|
|a CHBIS
|b 010442362
|
| 029 |
1 |
|
|a CHNEW
|b 000709403
|
| 029 |
1 |
|
|a CHVBK
|b 334094496
|
| 029 |
1 |
|
|a DEBSZ
|b 431872767
|
| 029 |
1 |
|
|a DEBBG
|b BV043397432
|
| 035 |
|
|
|a (OCoLC)899739128
|z (OCoLC)903963190
|
| 050 |
|
4 |
|a QA76.73.C25
|b .B384 2015
|
| 072 |
|
7 |
|a COM
|x 051080
|2 bisacsh
|
| 082 |
0 |
4 |
|a 005.13/3
|2 23
|
| 082 |
0 |
4 |
|a 001.642
|
| 049 |
|
|
|a MAIN
|
| 100 |
1 |
|
|a Barbier, Franck,
|e author.
|
| 245 |
1 |
0 |
|a COBOL software modernization :
|b from principles to implementation with the BLU AGE® method /
|c Franck Barbier, Jean-Luc Recoussine.
|
| 264 |
|
1 |
|a London, UK :
|b ISTE, Ltd. ;
|a Hoboken, NJ :
|b John Wiley and Sons, Inc.,
|c 2015.
|
| 264 |
|
4 |
|c ©2015
|
| 300 |
|
|
|a 1 online resource (xxvi, 247 pages) :
|b illustrations.
|
| 336 |
|
|
|a text
|b txt
|2 rdacontent
|
| 337 |
|
|
|a computer
|b c
|2 rdamedia
|
| 338 |
|
|
|a online resource
|b cr
|2 rdacarrier
|
| 490 |
1 |
|
|a Computer Engineering Series
|
| 504 |
|
|
|a Includes bibliographical references ([239]-241 pages) and index.
|
| 588 |
0 |
|
|a Online resource; title from PDF title page (John Wiley, viewed January 14, 2015).
|
| 650 |
|
0 |
|a COBOL (Computer program language)
|
| 650 |
|
0 |
|a Software architecture.
|
| 650 |
|
7 |
|a COMPUTERS
|x Programming Languages
|x COBOL.
|2 bisacsh
|
| 650 |
|
7 |
|a COBOL (Computer program language)
|2 fast
|0 (OCoLC)fst00843421
|
| 650 |
|
7 |
|a Software architecture.
|2 fast
|0 (OCoLC)fst01200416
|
| 655 |
|
4 |
|a Electronic books.
|
| 655 |
|
0 |
|a Electronic books.
|
| 700 |
1 |
|
|a Recoussine, Jean-Luc,
|e author.
|
| 776 |
0 |
8 |
|i Print version:
|a Barbier, Franck.
|t COBOL software modernization : from principles to iplementation with the BLU AGE ® method.
|d London, England ; Hoboken, New Jersey : ISTE : Wiley, ©2015
|h xxvi, 247 pages
|k Computer engineering series (London, England)
|z 9781848217607
|
| 830 |
|
0 |
|a Computer engineering series (London, England)
|
| 856 |
4 |
0 |
|u https://doi.org/10.1002/9781119073147
|z Full Text via HEAL-Link
|
| 994 |
|
|
|a 92
|b DG1
|